Normal view
MARC view
- ANISZCZYK,CHRIS MCAFFER JEFF
Entry Personal Name
001 - CONTROL NUMBER
- control field: 91037
003 - CONTROL NUMBER IDENTIFIER
- control field: NUST
005 - DATE AND TIME OF LATEST TRANSACTION
- control field: 20220419123828.0
008 - FIXED-LENGTH DATA ELEMENTS
- fixed length control field: 220419|| aca||aabn | a|a d
040 ## - CATALOGING SOURCE
- Original cataloging agency: NUST
- Transcribing agency: NUST
100 ## - HEADING--PERSONAL NAME
- Personal name: ANISZCZYK,CHRIS MCAFFER JEFF
670 ## - SOURCE DATA FOUND
- Source citation: Work cat.: (NUST): ANISZCZYK,CHRIS MCAFFER JEFF., ECLIPSE RICH CLIENT PLATFORM /, 2010.
